01160nam a2200241Ia 4500001000600000003000900006008004100015040001300056040001300069041001300082100002300095100002900118245004700147245004700194250001100241260001200252260001300264260004900277300005700326500047500383650002900858650003100887H9310IT-RoPAU130308s9999 xx 000 0 und d aIT-RoPAU cIT-RoPAU aITALIANO aManieri Elia Mario gCodice Aut. SPICS: 4251 aArchitettura del dopoguerra in U.S.A. (L') bArchitettura del dopoguerra in U.S.A. (L') a1a ed. aBOLOGNA bCappelli c1966 [1° Ed.:1966 - Ed.Ling.Originale:1966] a"190 p. (prefazione: no ; testo: 190 [pagine: 0-0])" a"Chicago: Scuola di Chicago; Wright e Mies; Fuller e Wachsmann; Crisi Stileinternazionale; Philip Johnson; Eero Saarinen. New York: piano del 1811; Attuazione del Piano; Grattacieli; Grandi Studi di progettazione Coordinata;Svolta degli Anni Sessanta. California: Suburbi; Architetti Californiani. Phyladelphya di Luis Kahn: Lou Kahn; Seguaci di Kahn. New England: centri di Produzione di Cultura; Paul Rudolph; Nuovi Esiti Scuola di Harvard; Due Esempi per Concludere." aSTORIA DELL'ARCHITETTURA eCodice materia Spics: 5308